| 000 | 00468nam a2200157 4500 | ||
|---|---|---|---|
| 001 | 113178 | ||
| 003 | ES-MaACL | ||
| 005 | 20230906185803.0 | ||
| 007 | t| | ||
| 008 | 061121s1971 pr r ||||1| spa d | ||
| 100 | 1 |
_aNieves Falcón, Luis. _985731 |
|
| 245 | 1 | 0 |
_aDiagnóstico de Puerto Rico / _cLuis Nieves Falcón. |
| 260 |
_aRíos Piedras (Puerto Rico) ; Zaragoza : _bEdid : Cometa, _c1971. |
||
| 300 |
_a260 p. ; _c20 cm. |
||
| 852 |
_aES-MaACL _jC-51128 _bR.76848 |
||
| 999 |
_c113178 _d113178 |
||